|
|
|
|
| LEADER |
00000nam a2200000 a 4500 |
| 001 |
UCG0758 |
| 003 |
CL-VaPUC |
| 008 |
100408e20060000SP |||||||||||||||||spa|d |
| 020 |
|
|
|a 8497564359
|
| 082 |
0 |
4 |
|a 338.4791
|b ALO
|2 21
|
| 100 |
0 |
|
|a Alonso Almeida, Mar
|e author
|9 548282
|
| 700 |
0 |
|
|a Barcos Redín, Lucía
|e author
|9 548283
|
| 700 |
0 |
|
|a Martín Castilla, Juan Ignacio
|e author
|9 548284
|
| 245 |
1 |
0 |
|a Gestión de la calidad de los procesos turísticos
|
| 300 |
|
|
|a 334 p
|
| 942 |
|
|
|c BK
|
| 945 |
|
|
|d 20100408 00:00:00
|a rbrito
|
| 260 |
|
|
|a Madrid
|b Síntesis
|c 2006
|
| 650 |
|
0 |
|a Turismo
|9 308920
|
| 650 |
|
0 |
|a Control de calidad
|9 259714
|
| 650 |
|
0 |
|a Gestión de la calidad
|9 475860
|
| 650 |
|
0 |
|a Calidad total
|9 259929
|
| 650 |
|
0 |
|a Industria turística
|9 347913
|
| 650 |
|
0 |
|a Análisis de costos
|9 315627
|
| 583 |
|
|
|a last modification
|c 20130328 10:40:26
|k Rodrigo Vera
|
| 999 |
|
|
|c 340282
|d 340280
|
| 952 |
|
|
|0 0
|1 0
|4 0
|6 338_479100000000000_ALO_2006
|7 0
|8 A
|9 434862
|a BIBING
|b BIBING
|d 2019-11-22
|i 4658957
|o 338.4791 ALO 2006
|p 4658957
|r 2025-01-20
|w 2019-11-22
|y BK
|k GEO
|